Optický systém vyhodnotenia skóre na šípkovom terči.

Na minha lista:
Detalhes bibliográficos
Autor principal: Socha, Branislav (Author)
Outros Autores: Ťapák, Peter (Thesis advisor)
Formato: Manuscrito Livro
Idioma:eslovaco
Publicado em: 2025
Assuntos:
Acesso em linha:http://is.stuba.sk/zp/portal_zp.pl?podrobnosti=184470
Tags: Adicionar Tag
Sem tags, seja o primeiro a adicionar uma tag!

MARC

LEADER 00000ntm a22000003a 4500
001 stuzp103727
003 SK-STU
005 20250614212216.7
007 ta
008 150427s2015----xo-----f-mn---000-0-slo-d
040 |a STU  |b slo 
041 0 |a slo 
100 1 |a Socha, Branislav  |u 030400  |4 aut  |U FEI Fakulta elektrotechniky a informatiky  |T FEI Ústav automobilovej mechatroniky  |X 105040  |U E400  |Y 642  |7 105040 
242 0 1 |a Optical darts scoring system.  |y eng 
245 1 0 |a Optický systém vyhodnotenia skóre na šípkovom terči. 
260 |c 2025 
650 4 |a Bristle dartboard  |2 eng 
650 4 |a Computer vision  |2 eng 
650 4 |a Darts detection  |2 eng 
650 4 |a Sisalový terč  |2 slo 
650 4 |a Počitačové videnie  |2 slo 
650 4 |a Detekcia šípok  |2 slo 
700 1 |a Ťapák, Peter  |u 030400  |k Z1  |4 ths  |U FEI Fakulta elektrotechniky a informatiky  |T FEI Ústav automobilovej mechatroniky  |X 3715  |U E400  |Y 642  |7 A000003715 
856 4 |u http://is.stuba.sk/zp/portal_zp.pl?podrobnosti=184470